000 00793pam a2200277 a 4500
001 1125440
003 OSt
005 20140310182756.0
008 940707s1995 ohua 001 0 eng
010 _a 94028905
020 _a0538838833
040 _aDLC
_cDLC
_dDLC
050 0 0 _aHF 5667
_b.R58 1996
100 1 _aRicchiute, David N.
245 1 0 _aAuditing /
_cDavid N. Ricchiute.
250 _a4th ed.
260 _aCincinnati, Ohio :
_bSouth-Western College,
_c1995.
300 _axxii, 810 p. :
_bill. ;
_c24 cm.
500 _aIncludes index.
521 _aBSA
650 0 _aAuditing.
906 _a7
_bcbc
_corignew
_d1
_eocip
_f19
_gy-gencatlg
942 _2lcc
_cBK
_kFOR
999 _c15856
_d15856